[Event "III Weekend Accademia"]
[Site "Roma ITA"]
[Date "1998.??.??"]
[Round "2"]
[White "Terreni, Fabio"]
[Black "Verrascina, Nicola"]
[Result "0-1"]
[WhiteElo "1708"]
[BlackElo "2145"]
[PlyCount "92"]
[EventDate "1998.??.??"]

1. e4 d5 2. exd5 Nf6 3. Nc3 Nxd5 4. Nxd5 Qxd5 5. Nf3 Bg4 6. Be2 Nc6 7. O-O
O-O-O 8. d3 e5 9. h3 Bh5 10. Be3 f5 11. Ne1 Bxe2 12. Qxe2 f4 13. Bd2 Nd4 14.
Qg4+ Kb8 15. Bc3 h5 16. Qd1 g5 17. Bxd4 exd4 18. Qf3 Qf7 19. Qe4 g4 20. h4 Bb4
21. g3 f3 22. Qe5 a6 23. a3 Rhe8 24. Qg5 Rd5 25. Qh6 Bf8 26. Qc1 Re2 27. c4
dxc3 28. bxc3 Qf6 29. Rb1 Bh6 30. Qd1 Qxc3 31. Qa4 Rb5 32. Qd1 Rxb1 33. Qxb1
Qxa3 34. d4 Qc1 35. Qb4 Qd2 36. Qb1 Qxd4 37. Qf5 Qe4 38. Qxe4 Rxe4 39. Nd3 Re2
40. Rb1 Ka7 41. Nc5 b6 42. Nd3 c5 43. Nb2 b5 44. Nd3 c4 45. Nc5 Bd2 46. Rb2 Be3
0-1

[Event "III Weekend Accademia"]
[Site "Roma ITA"]
[Date "1998.??.??"]
[Round "2"]
[White "Verrascina, Roberto"]
[Black "Spaziani, Gianni"]
[Result "1-0"]
[WhiteElo "2225"]
[BlackElo "1689"]
[PlyCount "109"]
[EventDate "1998.??.??"]

1. Nf3 d5 2. g3 c6 3. Bg2 Nf6 4. O-O Bf5 5. d3 Nbd7 6. Nbd2 e5 7. Qe1 Bc5 8. e4
dxe4 9. dxe4 Be6 10. h3 h6 11. b3 Qc7 12. Bb2 Rd8 13. Qe2 Qa5 14. Nc4 Bxc4 15.
Qxc4 O-O 16. a3 Qc7 17. Qe2 Rfe8 18. Ne1 b5 19. c4 bxc4 20. Qxc4 Bb6 21. Rc1
Rc8 22. Nd3 Qb7 23. Kh2 a5 24. f4 Bc7 25. Qxc6 Qxb3 26. Rc3 Qb8 27. Qa4 exf4
28. gxf4 Nb6 29. Qd4 Red8 30. Qg1 Na4 31. Rxc7 Nxb2 32. Rxc8 Rxc8 33. Rb1 Rc2
34. Qd4 Rd2 35. Rxb2 Qxf4+ 36. Nxf4 Rxd4 37. Re2 Ra4 38. Re3 Nd7 39. Nd5 Ne5
40. Nb6 Rd4 41. Rb3 Rd2 42. Rb5 Nf3+ 43. Kg3 Ne1 44. Bf1 Rd4 45. Rxa5 Rxe4 46.
Ra8+ Kh7 47. a4 Rb4 48. a5 f5 49. Kf2 Nc2 50. Rb8 Nd4 51. Bd3 Kg6 52. Nd7 Ra4
53. a6 Nc6 54. Rb6 Ra2+ 55. Kf3 1-0

[Event "III Weekend Accademia"]
[Site "Roma ITA"]
[Date "1998.??.??"]
[Round "2"]
[White "Vigile, Matteo"]
[Black "Pierangeli, Andrea"]
[Result "1/2-1/2"]
[WhiteElo "1774"]
[BlackElo "1810"]
[PlyCount "144"]
[EventDate "1998.??.??"]

1. e4 e6 2. Qe2 Be7 3. g3 b6 4. Bg2 Bb7 5. Nf3 d6 6. O-O Nf6 7. d3 Nbd7 8. Nc3
Nf8 9. a4 Ng6 10. b3 h5 11. a5 a6 12. axb6 cxb6 13. Re1 Qc7 14. Bb2 e5 15. d4
h4 16. dxe5 dxe5 17. Nd5 Nxd5 18. exd5 hxg3 19. hxg3 f6 20. Rad1 O-O-O 21. c4
Bc5 22. Qe4 Ne7 23. Qg4+ Kb8 24. Nd2 Nc8 25. Ne4 Bb4 26. Bc3 Bxc3 27. Nxc3 Nd6
28. Qe2 Rh6 29. Ne4 Rdh8 30. Nxd6 Qxd6 31. Qe3 Rh2 32. f4 exf4 33. Qxf4 Qxf4
34. gxf4 R2h4 35. Re7 Rg4 36. Rde1 Rd8 37. Rf7 g5 38. Ree7 Ba8 39. Rxf6 gxf4
40. Rxb6+ Kc8 41. Kf2 Rh8 42. Kf3 Rg3+ 43. Kxf4 Rxg2 44. Ra7 Rf8+ 45. Ke5 Re2+
46. Kd4 Bxd5 47. Kxd5 Rf5+ 48. Kd4 a5 49. Rh6 Kb8 50. Rg7 Re8 51. Rh3 Rd8+ 52.
Kc3 Rc8 53. Rhh7 Rf3+ 54. Kb2 Rc5 55. Rh8+ Rc8 56. Rxc8+ Kxc8 57. Rg5 a4 58.
bxa4 Kc7 59. Rg6 Kb7 60. Rd6 Rg3 61. Rd2 Kb6 62. Rc2 Kc5 63. Rc3 Rg7 64. Ka3
Ra7 65. Rc1 Rg7 66. a5 Rg3+ 67. Kb2 Kb4 68. c5 Rb3+ 69. Kc2 Rc3+ 70. Kd2 Rxc5
71. a6 Ra5 72. Rb1+ Kc5 1/2-1/2

[Event "III Weekend Accademia"]
[Site "Roma ITA"]
[Date "1998.??.??"]
[Round "2"]
[White "Vignato, Giovanni"]
[Black "Lagumina, Giulio"]
[Result "0-1"]
[WhiteElo "2150"]
[BlackElo "2275"]
[PlyCount "78"]
[EventDate "1998.??.??"]

1. d4 d5 2. Bg5 h6 3. Bh4 c6 4. e3 Qb6 5. b3 Bf5 6. Bd3 Bxd3 7. Qxd3 e6 8. f4
c5 9. Nf3 Nc6 10. O-O Nge7 11. c4 cxd4 12. exd4 Nf5 13. cxd5 Nb4 14. Qe4 Nxd5
15. Nbd2 Nxh4 16. Nxh4 Nc3 17. Qc2 Ne2+ 18. Kh1 Nxd4 19. Qc3 Bb4 20. Qd3 Bxd2
21. Qxd2 O-O 22. Rac1 Rac8 23. h3 Rxc1 24. Rxc1 Rd8 25. Qf2 Qd6 26. Rd1 Qb6 27.
Nf3 Nxf3 28. Rxd8+ Qxd8 29. Qxf3 Qd5 30. Qe3 a6 31. Qc3 Qe4 32. Qc1 f6 33. Kg1
Kh7 34. g4 Qf3 35. Kh2 Qf2+ 36. Kh1 Qg3 37. Qf1 a5 38. f5 e5 39. Qc4 Qxh3+ 0-1

[Event "III Weekend Accademia"]
[Site "Roma ITA"]
[Date "1998.??.??"]
[Round "3"]
[White "Barletta, Antonio"]
[Black "Vigile, Matteo"]
[Result "1/2-1/2"]
[WhiteElo "1866"]
[BlackElo "1774"]
[PlyCount "142"]
[EventDate "1998.??.??"]

1. e4 e5 2. Nf3 Nc6 3. Bb5 Bc5 4. c3 Nf6 5. d3 d6 6. h3 Bd7 7. Ba4 h6 8. O-O
Qe7 9. b4 Bb6 10. Bc2 O-O 11. a4 a5 12. b5 Nd8 13. Be3 Bxe3 14. fxe3 Ne6 15.
Nh4 g6 16. Nd2 Ng5 17. Kh2 Nfh7 18. Bb3 Kg7 19. Nhf3 f5 20. exf5 Bxf5 21. e4
Be6 22. Bxe6 Nxe6 23. g3 Rf7 24. Nc4 Raf8 25. Kg2 Neg5 26. Nfd2 Rxf1 27. Nxf1
Qe6 28. Qg4 Qf7 29. Qe2 Qe6 30. Qg4 Qf7 31. Qe2 h5 32. h4 Nf3 33. Nfe3 Qe7 34.
Rf1 Nxh4+ 35. gxh4 Rxf1 36. Qxf1 Qxh4 37. Qf2 Qd8 38. Qg3 b6 39. d4 Nf6 40. Qg5
Qf8 41. Nf5+ Kh7 42. Nh4 Qf7 43. Nd2 Ng4 44. Nhf3 Kg7 45. Kg3 exd4 46. cxd4 Qe6
47. d5 Qf6 48. Qxf6+ Kxf6 49. Kf4 Nf2 50. Nc4 Nd3+ 51. Ke3 Nc5 52. Nb2 g5 53.
Nh2 Ke5 54. Nf3+ Kf6 55. Nh2 Kf7 56. Nf3 Kf6 57. Ne1 Nd7 58. Nbd3 Kg6 59. Nf3
Nf6 60. Nd4 Ng4+ 61. Kf3 Nf6 62. Ne6 Ne8 63. e5 dxe5 64. Nxe5+ Kf5 65. Nc4 h4
66. Nd4+ Kg6 67. Ne6 Kf5 68. Nd4+ Kg6 69. Ne5+ Kf6 70. Ng4+ Kg6 71. Ne5+ Kf6
1/2-1/2

[Event "III Weekend Accademia"]
[Site "Roma ITA"]
[Date "1998.??.??"]
[Round "3"]
[White "Campagna, Maurizio"]
[Black "Pezzaldi, Roberto"]
[Result "0-1"]
[WhiteElo "1723"]
[BlackElo "2095"]
[PlyCount "94"]
[EventDate "1998.??.??"]

1. d4 e6 2. c4 f5 3. g3 Nf6 4. Bg2 Be7 5. Nf3 O-O 6. O-O c6 7. b3 Ne4 8. Bb2
Bf6 9. Nbd2 d5 10. Nxe4 fxe4 11. Ne1 Nd7 12. f3 exf3 13. exf3 Qb6 14. f4 dxc4
15. Rb1 cxb3 16. Bc3 Nc5 17. Kh1 Na4 18. Ba1 b2 19. Qxa4 bxa1=Q 20. Rxb6 Qxd4
21. Rb4 Qd6 22. Rf3 b5 23. Qb3 a5 24. Re4 Kh8 25. Rd3 Qc7 26. Re2 Bd7 27. Rc2
Rac8 28. Rcd2 Rcd8 29. Rc2 c5 30. Qa3 c4 31. Qc1 e5 32. a4 Bf5 33. Rxd8 Rxd8
34. Rf2 b4 35. fxe5 Qxe5 36. Nf3 Qa1 37. Qxa1 Bxa1 38. Ng5 Rd1+ 39. Bf1 g6 40.
g4 h6 41. gxf5 hxg5 42. f6 Kg8 43. f7+ Kf8 44. Kg2 Rd4 45. Kg3 b3 46. Bh3 b2
47. Rf1 c3 0-1

[Event "III Weekend Accademia"]
[Site "Roma ITA"]
[Date "1998.??.??"]
[Round "3"]
[White "Cattarinich, Benedetto"]
[Black "Simeone, Giulio"]
[Result "0-1"]
[WhiteElo "1702"]
[BlackElo "1717"]
[PlyCount "128"]
[EventDate "1998.??.??"]

1. d4 g6 2. c4 Bg7 3. Nc3 d6 4. e4 Nc6 5. Nge2 e5 6. d5 Nce7 7. Ng3 f5 8. exf5
Nxf5 9. Nxf5 Bxf5 10. Bd3 Qd7 11. O-O Nf6 12. Qc2 O-O 13. Ne4 Nxe4 14. Bxe4
Bxe4 15. Qxe4 Qf5 16. f3 Qh5 17. Be3 Bh6 18. Rad1 Bxe3+ 19. Qxe3 Qh4 20. b3 Qf4
21. Qxf4 exf4 22. Rfe1 Rae8 23. Kf2 Kg7 24. g3 fxg3+ 25. hxg3 g5 26. g4 Kf6 27.
Rxe8 Rxe8 28. Rh1 Re7 29. Rh6+ Ke5 30. Ke3 b5 31. Rh5 Kf6+ 32. Kd3 bxc4+ 33.
bxc4 Kg6 34. Rh2 Rf7 35. Rf2 h5 36. gxh5+ Kxh5 37. Rh2+ Kg6 38. Ke3 Rf4 39. Rc2
Kf5 40. c5 Ke5 41. Rg2 Kf5 42. Rc2 Ra4 43. cxd6 cxd6 44. Rg2 Ra3+ 45. Kd4 Rxf3
46. Rh2 Rf4+ 47. Ke3 Ra4 48. Rh6 Ke5 49. Rg6 Ra3+ 50. Kf2 Rxa2+ 51. Kg3 Kxd5
52. Rxg5+ Kc4 53. Rg7 a5 54. Rg4+ Kc3 55. Rg5 a4 56. Ra5 a3 57. Kf3 Kb3 58. Rd5
Rb2 59. Rxd6 a2 60. Rd3+ Kc2 61. Ra3 Kb1 62. Re3 a1=Q 63. Re1+ Ka2 64. Rxa1+
Kxa1 0-1

[Event "III Weekend Accademia"]
[Site "Roma ITA"]
[Date "1998.??.??"]
[Round "3"]
[White "Chiaretti, Roberto"]
[Black "Tosoni, Augusto"]
[Result "1-0"]
[WhiteElo "2180"]
[BlackElo "1948"]
[PlyCount "131"]
[EventDate "1998.??.??"]

1. e4 e5 2. Nf3 Nc6 3. Bb5 a6 4. Ba4 Nf6 5. O-O Be7 6. Re1 b5 7. Bb3 O-O 8. d3
d6 9. c3 Re8 10. Nbd2 h6 11. a4 Rb8 12. axb5 axb5 13. Nf1 Bf8 14. Ne3 g6 15. h3
Be6 16. Bxe6 Rxe6 17. Nd5 Re8 18. Nxf6+ Qxf6 19. Be3 Qe6 20. Ra6 Nd8 21. Qd2
Kh7 22. Rea1 Qd7 23. Qc2 Ne6 24. b4 Nf4 25. d4 g5 26. dxe5 dxe5 27. Rd1 Bd6 28.
Bxf4 gxf4 29. Nh4 f3 30. Nxf3 Rg8 31. Kh2 Qe7 32. g3 Ra8 33. Rda1 Rxa6 34. Rxa6
Qe6 35. Qa2 Qf6 36. Nh4 Rg5 37. Nf5 h5 38. h4 Rxf5 39. exf5 e4 40. Qd5 Kg7 41.
Kg2 Qxc3 42. Qxe4 Qxb4 43. f6+ Kh6 44. Qe3+ Kh7 45. Qd3+ Kh6 46. Ra8 Bf8 47.
Qf5 Qc5 48. Qg5+ Kh7 49. Rxf8 Qxf8 50. Qxh5+ Kg8 51. Qxb5 Qa8+ 52. Kh2 Qa2 53.
Qf5 Kh8 54. Kg2 Qa8+ 55. Qf3 Qa2 56. Qg4 Qa8+ 57. Kh2 Qg8 58. Qxg8+ Kxg8 59.
Kg2 Kh7 60. Kf3 Kg6 61. Ke4 Kxf6 62. Kd5 Ke7 63. Kc6 Kd8 64. g4 f5 65. g5 f4
66. g6 1-0

[Event "III Weekend Accademia"]
[Site "Roma ITA"]
[Date "1998.??.??"]
[Round "3"]
[White "Coppini, Giorgio"]
[Black "Iatrino, Vincenzo"]
[Result "1-0"]
[WhiteElo "2195"]
[BlackElo "1740"]
[PlyCount "115"]
[EventDate "1998.??.??"]

1. e4 c5 2. Nc3 Nc6 3. g3 e6 4. Bg2 g6 5. f4 Nge7 6. e5 Bg7 7. Ne4 O-O 8. Nxc5
d6 9. exd6 Qxd6 10. Ne4 Qc7 11. Nf3 Qb6 12. c3 Bd7 13. d4 Nd5 14. O-O Rad8 15.
Kh1 Nce7 16. Ne5 Nf5 17. Nxd7 Rxd7 18. Qe2 h5 19. Nc5 Rc7 20. Nd3 Qd6 21. Ne5
a6 22. Bd2 b5 23. a3 Rfc8 24. Rad1 Nb6 25. Rfe1 Re7 26. Bc1 Nd5 27. Qd3 Rec7
28. Nf3 Nb6 29. Ng5 Nc4 30. Ne4 Qb6 31. Qe2 Rd8 32. Nc5 Re7 33. Qe4 Rd5 34. b3
Na5 35. b4 Nc4 36. a4 Qa7 37. a5 Bf6 38. Qc2 Rd8 39. Bf3 Rc7 40. Qg2 Ne7 41.
Be4 Kh7 42. Qe2 Nd5 43. Qxh5+ Kg8 44. Qf3 Re7 45. h4 Ree8 46. Kg2 Kg7 47. Rh1
Rh8 48. Rde1 Qa8 49. h5 gxh5 50. Rxh5 Rxh5 51. Qxh5 Qc8 52. f5 Rh8 53. Qg4+ Kf8
54. fxe6 Rg8 55. e7+ Nxe7 56. Nd7+ Ke8 57. Nxf6+ Kd8 58. Qxc8+ 1-0

[Event "III Weekend Accademia"]
[Site "Roma ITA"]
[Date "1998.??.??"]
[Round "3"]
[White "Farina, Saverio"]
[Black "De Vita, Igor"]
[Result "0-1"]
[WhiteElo "2200"]
[BlackElo "2125"]
[PlyCount "112"]
[EventDate "1998.??.??"]

1. d4 Nf6 2. c4 g6 3. Nc3 Bg7 4. e4 d6 5. Nge2 Nbd7 6. Ng3 e5 7. d5 a5 8. Be2
Nc5 9. h4 h5 10. Bg5 Bd7 11. Qc2 Qc8 12. O-O O-O 13. Qd2 Nh7 14. Bh6 Qd8 15.
Bxg7 Kxg7 16. f4 Qxh4 17. Qe3 exf4 18. Rxf4 Qg5 19. Raf1 Rae8 20. Qf2 f6 21.
Rd1 Re5 22. Bd3 Rfe8 23. Bc2 R5e7 24. Rf1 Rf8 25. Nce2 Qe5 26. Nc3 Ng5 27. Nge2
Ref7 28. Nd4 Rh8 29. Nde2 Nh7 30. Nd4 Nf8 31. Qe3 Nh7 32. Nf3 Qe7 33. Nd4 Ng5
34. Qg3 Qe5 35. Nde2 h4 36. Qe3 h3 37. g3 h2+ 38. Kh1 Rh6 39. R4f2 Rf8 40. Nf4
Bg4 41. Rd2 Rfh8 42. Nd3 Nxd3 43. Bxd3 Rh3 44. Rg2 Re8 45. Rff2 Nf7 46. Rf4 Bc8
47. Rgf2 Nh6 48. Bf1 Rh5 49. Be2 Rg5 50. Rf1 Nf5 51. Rxf5 gxf5 52. Rf4 Rh8 53.
Bd3 Rhh5 54. Ne2 Qxb2 55. exf5 Qa1+ 56. Nc1 Qe5 0-1

[Event "III Weekend Accademia"]
[Site "Roma ITA"]
[Date "1998.??.??"]
[Round "3"]
[White "Ferri, Stefano"]
[Black "Terreni, Fabio"]
[Result "1-0"]
[WhiteElo "1933"]
[BlackElo "1708"]
[PlyCount "117"]
[EventDate "1998.??.??"]

1. d4 g6 2. c4 Nf6 3. Nc3 Bg7 4. Nf3 O-O 5. e4 d6 6. Be2 e5 7. O-O Nc6 8. d5
Ne7 9. b4 Nd7 10. Ne1 f5 11. f3 f4 12. Nd3 g5 13. c5 Nf6 14. Bd2 Ng6 15. Rc1
Rf7 16. a4 Bf8 17. Be1 h5 18. cxd6 cxd6 19. Nb5 a6 20. Na3 Rg7 21. Nc4 g4 22.
a5 gxf3 23. Bxf3 Ng4 24. Qe2 Nh4 25. Kh1 Be7 26. Bf2 Rb8 27. Ba7 Ne3 28. Nxe3
Ra8 29. Bb6 Qf8 30. Nf5 Nxf5 31. exf5 Qxf5 32. Rc7 h4 33. Rfc1 Bd7 34. Be4 Qg4
35. Qxg4 Bxg4 36. h3 Be2 37. Rxb7 Kh8 38. Rcc7 Bf6 39. Rxg7 Bxg7 40. Rd7 Rg8
41. Bc7 Rc8 42. Bxd6 Bxd3 43. Bxd3 Rc1+ 44. Kh2 Bf6 45. Be7 Kg7 46. Bd6+ Kh6
47. Bf8+ Kh5 48. Bg7 Kg5 49. Bxf6+ Kxf6 50. Bxa6 e4 51. d6 Rc2 52. Rc7 Rd2 53.
Kg1 Rxd6 54. Bb5 Rd1+ 55. Kf2 Rd2+ 56. Be2 Ke5 57. a6 Ra2 58. Rc5+ Kd4 59. Ra5
1-0

[Event "III Weekend Accademia"]
[Site "Roma ITA"]
[Date "1998.??.??"]
[Round "3"]
[White "Lagumina, Giulio"]
[Black "Sibilio, Mario"]
[Result "1/2-1/2"]
[WhiteElo "2275"]
[BlackElo "2330"]
[PlyCount "117"]
[EventDate "1998.??.??"]

1. d4 c5 2. d5 e5 3. c4 d6 4. Nc3 Be7 5. Nf3 Nf6 6. e4 O-O 7. Be2 Nbd7 8. O-O
Ne8 9. a3 g6 10. Bh6 Ng7 11. Qd2 Nf6 12. h3 Kh8 13. Ne1 Ng8 14. Be3 f5 15. f4
exf4 16. Bxf4 g5 17. Bh2 f4 18. Nd3 Bf6 19. h4 Bd4+ 20. Kh1 h6 21. Bg1 Nf6 22.
Nxf4 gxf4 23. Qxf4 Be5 24. Qxh6+ Kg8 25. Be3 Bg4 26. Bg5 Bxe2 27. Nxe2 Ng4 28.
Bxd8 Nxh6 29. Rxf8+ Kxf8 30. Rf1+ Kg8 31. Bg5 Ng4 32. b4 cxb4 33. axb4 Rc8 34.
c5 dxc5 35. b5 Ne8 36. Bf4 Nd6 37. Bxe5 Nxe5 38. Nc3 Kg7 39. g3 Rf8 40. Rf4 Rf6
41. Kg2 Rg6 42. Rf1 Ndc4 43. Ra1 a6 44. bxa6 bxa6 45. Na4 Ne3+ 46. Kf2 N3g4+
47. Ke2 c4 48. Nc5 Rb6 49. Kd2 Rb5 50. Nxa6 Rb3 51. Nc5 Rxg3 52. d6 Nc6 53. d7
c3+ 54. Kc2 Nd4+ 55. Kb1 Rg2 56. d8=Q Rb2+ 57. Kc1 Rc2+ 58. Kb1 Rb2+ 59. Kc1
1/2-1/2

[Event "III Weekend Accademia"]
[Site "Roma ITA"]
[Date "1998.??.??"]
[Round "3"]
[White "Marzano, Carlo"]
[Black "Scagliarini, Bruno"]
[Result "1-0"]
[WhiteElo "2185"]
[BlackElo "1758"]
[PlyCount "129"]
[EventDate "1998.??.??"]

1. d4 e6 2. Nf3 Nf6 3. Bg5 c5 4. e4 cxd4 5. e5 h6 6. Bh4 Qa5+ 7. Qd2 Qxd2+ 8.
Nbxd2 Nd5 9. Nxd4 Nc6 10. Nxc6 dxc6 11. O-O-O g5 12. Bg3 Bg7 13. c4 Nf4 14.
Bxf4 gxf4 15. Nf3 Bd7 16. Bd3 O-O-O 17. Be4 f6 18. exf6 Bxf6 19. Rd3 Kc7 20.
Rhd1 Bc8 21. b3 c5 22. Kc2 Rxd3 23. Rxd3 Rd8 24. Rxd8 Kxd8 25. Kd3 Kc7 26. Bg6
Kd6 27. Ke4 Bd7 28. Kxf4 b5 29. Bd3 a6 30. Be4 bxc4 31. bxc4 a5 32. Ke3 Be8 33.
Kd3 Bh5 34. Nd2 Bd8 35. Ba8 Bg6+ 36. Be4 Bh5 37. Bh7 Bf7 38. Ne4+ Kc6 39. Nc3
Bf6 40. Be4+ Kd6 41. Nb5+ Kd7 42. Na7 Kc7 43. Bh7 Kb7 44. Nb5 Kc6 45. Be4+ Kd7
46. Na3 Bd4 47. f3 Be5 48. h3 Bg3 49. Nb1 Kd6 50. Nd2 Kd7 51. Nb3 Bc7 52. Nxc5+
Kd6 53. Nb3 Kd7 54. Kd4 Kd6 55. c5+ Kd7 56. Kc4 e5+ 57. Bd5 Bg6 58. Kb5 Bb1 59.
Nxa5 Bd3+ 60. Bc4 Bxa5 61. Bxd3 Bc3 62. a4 Kc7 63. a5 Bd4 64. a6 Kb8 65. Kb6
1-0

[Event "III Weekend Accademia"]
[Site "Roma ITA"]
[Date "1998.??.??"]
[Round "3"]
[White "Mastroddi, Emiliano"]
[Black "De Vita, Gianni"]
[Result "0-1"]
[WhiteElo "1780"]
[BlackElo "2160"]
[PlyCount "100"]
[EventDate "1998.??.??"]

1. d4 Nf6 2. c4 c5 3. d5 e6 4. Nc3 exd5 5. cxd5 d6 6. e4 g6 7. Nf3 Bg7 8. Bd3
Bg4 9. h3 Bxf3 10. Qxf3 O-O 11. O-O a6 12. a4 Nbd7 13. Bf4 Ne8 14. Qe2 Ne5 15.
Be3 Nxd3 16. Qxd3 b6 17. f4 f5 18. exf5 gxf5 19. Rfe1 Qh4 20. Kh2 Nc7 21. g3
Qh5 22. Bf2 Rae8 23. Rad1 Qf7 24. Kg1 Rxe1+ 25. Bxe1 Re8 26. Bf2 Qh5 27. Kg2
Bxc3 28. bxc3 Qe2 29. c4 b5 30. axb5 axb5 31. cxb5 Qxd3 32. Rxd3 Nxb5 33. Rb3
Rb8 34. Kf1 Kf7 35. Ke1 Ke7 36. g4 Kd7 37. Rb2 Re8+ 38. Kd2 Nc7 39. gxf5 Rf8
40. Kd3 Rxf5 41. Ke4 Rxd5 42. Rb7 Rd2 43. Be3 d5+ 44. Kf3 Rc2 45. f5 Kc6 46.
Rb8 d4 47. Bf4 Nd5 48. Be5 d3 49. f6 d2 50. Ke2 Ne3 0-1

[Event "III Weekend Accademia"]
[Site "Roma ITA"]
[Date "1998.??.??"]
[Round "3"]
[White "Mogranzini, Roberto"]
[Black "Russi, Roberto"]
[Result "1-0"]
[WhiteElo "1870"]
[BlackElo "1780"]
[PlyCount "81"]
[EventDate "1998.??.??"]

1. e4 b6 2. d4 Bb7 3. Bd3 e6 4. Nf3 c5 5. c3 Nf6 6. Nbd2 Be7 7. O-O Nc6 8. a3
O-O 9. Re1 Rc8 10. Qe2 d6 11. b4 Qc7 12. Bb2 Rfd8 13. Nf1 Bf8 14. Ng3 g6 15.
Rac1 Bg7 16. Bb1 Ne7 17. Nf1 Qb8 18. dxc5 bxc5 19. Ng3 Nd7 20. c4 Bxb2 21. Qxb2
cxb4 22. axb4 Nc6 23. Ba2 Ba8 24. Rb1 Nce5 25. Nxe5 Nxe5 26. Qd4 Qb6 27. c5 Qa6
28. Ra1 Qd3 29. Qb2 Qb5 30. Red1 a5 31. cxd6 axb4 32. Bb3 Nc4 33. Qe2 Rc5 34.
h4 Bb7 35. h5 gxh5 36. Ra7 Qb6 37. Rxb7 Qxb7 38. Bxc4 b3 39. Nxh5 b2 40. Qg4+
Kf8 41. Qg7+ 1-0

[Event "III Weekend Accademia"]
[Site "Roma ITA"]
[Date "1998.??.??"]
[Round "3"]
[White "Monteleone, Antonio"]
[Black "Marta, Daniele"]
[Result "1-0"]
[WhiteElo "2165"]
[BlackElo "1888"]
[PlyCount "59"]
[EventDate "1998.??.??"]

1. d4 Nf6 2. c4 g6 3. Nc3 Bg7 4. e4 d6 5. Nf3 O-O 6. Be2 e5 7. O-O Nc6 8. d5
Ne7 9. b4 a5 10. Ba3 Nh5 11. Re1 Nf4 12. Bf1 h6 13. bxa5 Rxa5 14. Bb4 Ra8 15.
a4 f5 16. Nd2 g5 17. g3 Nfg6 18. c5 dxc5 19. Bxc5 f4 20. Nc4 g4 21. Nb5 b6 22.
Bxe7 Qxe7 23. d6 cxd6 24. Nxb6 fxg3 25. fxg3 Ra6 26. Nxc8 Rxc8 27. Qxg4 Qe8 28.
Nc7 Rxc7 29. Bxa6 Kh7 30. Bb5 1-0

[Event "III Weekend Accademia"]
[Site "Roma ITA"]
[Date "1998.??.??"]
[Round "3"]
[White "Occhipinti, Massimo"]
[Black "Vignato, Giovanni"]
[Result "0-1"]
[WhiteElo "1704"]
[BlackElo "2150"]
[PlyCount "142"]
[EventDate "1998.??.??"]

1. e4 c6 2. Nf3 d5 3. Nc3 Bg4 4. h3 Bxf3 5. Qxf3 e6 6. exd5 cxd5 7. Bb5+ Nc6 8.
O-O Nf6 9. d4 Bd6 10. Be3 O-O 11. a3 Rc8 12. Bd3 Na5 13. Na4 Nc4 14. Bf4 b5 15.
Bxd6 Qxd6 16. Bxc4 Rxc4 17. Nc3 Qb6 18. Qd3 Rfc8 19. Rfc1 Qc6 20. Rcb1 a6 21.
a4 bxa4 22. Ra3 g6 23. Rba1 Ne4 24. Nxa4 Rxc2 25. Nc5 Rc4 26. Rxa6 Nxc5 27.
Qxc4 Nxa6 28. Qxa6 Qxa6 29. Rxa6 Rc1+ 30. Kh2 Rc2 31. Ra8+ Kg7 32. b4 Rxf2 33.
b5 Rb2 34. Rb8 Rb4 35. b6 Rxd4 36. b7 Rb4 37. Kg3 Kf6 38. Kf3 Ke5 39. g4 d4 40.
h4 Rb2 41. h5 gxh5 42. gxh5 f5 43. h6 f4 44. Rg8 Rxb7 45. Rg7 Rb3+ 46. Kf2 Ke4
47. Rxh7 Rb2+ 48. Kg1 e5 49. Rd7 Rb6 50. h7 Rh6 51. Kf2 d3 52. Ra7 d2 53. Ke2
Rh2+ 54. Kd1 f3 55. h8=Q Rxh8 56. Kxd2 Rf8 57. Ra4+ Kf5 58. Ke3 Kg5 59. Kf2 Rf4
60. Ra8 e4 61. Rg8+ Kh6 62. Rg1 Rh4 63. Ke3 Kh5 64. Rg8 Rg4 65. Rh8+ Kg5 66.
Rg8+ Kh4 67. Rh8+ Kg3 68. Rf8 Kg2 69. Ra8 Rg3 70. Ra2+ f2+ 71. Kf4 e3 0-1

[Event "III Weekend Accademia"]
[Site "Roma ITA"]
[Date "1998.??.??"]
[Round "3"]
[White "Pagano, Sergio M."]
[Black "Giorni, Moreno"]
[Result "1-0"]
[WhiteElo "2200"]
[BlackElo "1900"]
[PlyCount "53"]
[EventDate "1998.??.??"]

1. Nf3 e6 2. c4 f5 3. g3 Nf6 4. Bg2 Be7 5. O-O O-O 6. Nc3 d5 7. d4 c6 8. b3 Qe8
9. Bb2 Nbd7 10. Qc2 Qh5 11. e3 Ne4 12. Ne2 g5 13. Ne5 Rf6 14. f3 Nd6 15. g4 Qh4
16. Bc3 Rh6 17. h3 Rf6 18. Ng3 Qh6 19. cxd5 cxd5 20. Bb4 Qf8 21. Rac1 a5 22.
Ba3 f4 23. exf4 Rxf4 24. Ne2 Rf6 25. Qd2 Nf7 26. Rxc8 Qxc8 27. Bxe7 1-0

[Event "III Weekend Accademia"]
[Site "Roma ITA"]
[Date "1998.??.??"]
[Round "3"]
[White "Palamides, Carmine"]
[Black "Ciampi, Vincenzo"]
[Result "0-1"]
[WhiteElo "1800"]
[BlackElo "2155"]
[PlyCount "100"]
[EventDate "1998.??.??"]

1. e4 e6 2. d4 d5 3. Nc3 Nf6 4. e5 Nfd7 5. Nce2 c5 6. c3 Nc6 7. Nf3 Qb6 8. a3
a5 9. Ng3 cxd4 10. cxd4 f6 11. exf6 Nxf6 12. Bd3 Bd6 13. O-O O-O 14. Re1 Kh8
15. Bc2 Qc7 16. Bg5 Ng4 17. Qd3 g6 18. h3 Nxf2 19. Kxf2 Bxg3+ 20. Kg1 e5 21.
dxe5 Bxe1 22. Rxe1 Bf5 23. Qxd5 Bxc2 24. Bf6+ Rxf6 25. exf6 Rf8 26. Qc5 Qd8 27.
Qxc2 Qxf6 28. Qb3 Nd4 29. Nxd4 Qf2+ 30. Kh2 Qxe1 31. Nf3 Qe7 32. Qb6 a4 33. Qb5
Qc7+ 34. Kg1 Qc1+ 35. Kh2 Qc6 36. Qe5+ Qf6 37. Qb5 b6 38. Kh1 Rc8 39. Kg1 Rc1+
40. Kf2 Rc2+ 41. Kg1 Qc6 42. Qe5+ Kg8 43. Qf4 Rc1+ 44. Kf2 Qc5+ 45. Kg3 Qc7 46.
Ne5 Rc5 47. Nd3 Rg5+ 48. Kh2 Qxf4+ 49. Nxf4 Rb5 50. Nd3 Rb3 0-1

[Event "III Weekend Accademia"]
[Site "Roma ITA"]
[Date "1998.??.??"]
[Round "3"]
[White "Piacentini, Carlo"]
[Black "Spano' Cuomo, Gaetano"]
[Result "0-1"]
[WhiteElo "1650"]
[BlackElo "1866"]
[PlyCount "84"]
[EventDate "1998.??.??"]

1. c4 e5 2. Nc3 Nf6 3. d3 Bc5 4. e3 d6 5. a3 Be6 6. d4 Bb6 7. dxe5 dxe5 8.
Qxd8+ Kxd8 9. Nf3 Nbd7 10. b4 c6 11. Bb2 Ke7 12. Be2 Rhd8 13. O-O Bc7 14. Ng5
Bf5 15. e4 Bg6 16. f3 Ne8 17. Rfd1 f6 18. Nh3 Bf7 19. Kf2 g6 20. Bc1 Ng7 21.
Be3 Nb6 22. c5 Rxd1 23. Rxd1 Nd7 24. b5 Ne6 25. Bc4 Ndxc5 26. Bxe6 Nxe6 27.
bxc6 bxc6 28. Rc1 Nd4 29. Bxd4 exd4 30. Nd5+ Bxd5 31. exd5 c5 32. Rxc5 Bb6 33.
Rc6 g5 34. Ke2 Rd8 35. d6+ Rxd6 36. Rxd6 Kxd6 37. Kd3 Kc5 38. Ng1 Kb5 39. Ne2
Ka4 40. Nxd4 Bxd4 41. Kxd4 Kxa3 42. Kc3 f5 0-1

[Event "III Weekend Accademia"]
[Site "Roma ITA"]
[Date "1998.??.??"]
[Round "3"]
[White "Pierangeli, Andrea"]
[Black "Moroni, Marco"]
[Result "1/2-1/2"]
[WhiteElo "1810"]
[BlackElo "1731"]
[PlyCount "157"]
[EventDate "1998.??.??"]

1. g3 d5 2. Bg2 Nf6 3. b3 c5 4. c4 e5 5. cxd5 Nxd5 6. Bb2 Nc6 7. Nc3 Nc7 8. Nf3
f6 9. O-O Be7 10. Rc1 Bd7 11. Ne1 b6 12. f4 Rc8 13. Nd5 Nxd5 14. Bxd5 Bh3 15.
Bg2 Bxg2 16. Nxg2 O-O 17. f5 Qd7 18. Rc4 Nd4 19. e3 b5 20. Rc1 Nc6 21. a3 Rfd8
22. Rf2 Qd5 23. Qc2 Na5 24. e4 Qxb3 25. Ne3 Qxc2 26. Rxc2 c4 27. Re2 Bc5 28.
Kf1 Bxe3 29. Rxe3 Nb3 30. Bc3 Nc5 31. Rb2 a6 32. Ke2 Rd3 33. Ra2 Rcd8 34. Bb4
Rxe3+ 35. Kxe3 Rd3+ 36. Ke2 Nxe4 37. a4 Rd8 38. axb5 axb5 39. Ra6 h6 40. Ke3
Ng5 41. Rb6 Nf7 42. Rxb5 Nd6 43. Bxd6 Rxd6 44. Rb8+ Kh7 45. Rc8 Rd4 46. Rc7 h5
47. Ke2 Kh6 48. Ke3 h4 49. Ke2 hxg3 50. hxg3 Kg5 51. Rxg7+ Kxf5 52. Rf7 Rg4 53.
Rc7 Rxg3 54. Rxc4 e4 55. Rc6 Ke5 56. Rc5+ Kf4 57. Rd5 f5 58. Ra5 Rg2+ 59. Ke1
Kg4 60. Ra8 f4 61. Rd8 Kf3 62. Kf1 Rg7 63. Rb8 Rc7 64. Rb1 e3 65. dxe3 fxe3 66.
Ra1 Rc2 67. Rb1 Rg2 68. Rb3 Rh2 69. Kg1 Rd2 70. Rb1 Ke2 71. Kg2 Rc2 72. Rb8
Kd1+ 73. Kf3 e2 74. Rb1+ Kd2 75. Kf2 Rc7 76. Rb2+ Kd1 77. Rb1+ Kd2 78. Rb2+ Kd3
79. Rb3+ 1/2-1/2

[Event "III Weekend Accademia"]
[Site "Roma ITA"]
[Date "1998.??.??"]
[Round "3"]
[White "Quimi, Marco"]
[Black "Lantini, Marco"]
[Result "0-1"]
[WhiteElo "2225"]
[BlackElo "2180"]
[PlyCount "120"]
[EventDate "1998.??.??"]

1. e4 e5 2. Nf3 Nf6 3. d4 Nxe4 4. Bd3 d5 5. Nxe5 Bd6 6. O-O O-O 7. c4 Bxe5 8.
dxe5 Nc6 9. Bf4 Nb4 10. Bxe4 dxe4 11. Qxd8 Rxd8 12. Nc3 Nd3 13. Bg3 Nxb2 14.
Nxe4 Nxc4 15. Rfc1 b5 16. a4 c6 17. Nd6 Nxd6 18. exd6 Bd7 19. h4 b4 20. a5 b3
21. Rab1 Rab8 22. Rc5 f6 23. Rb2 Rb4 24. f3 Rdb8 25. Bf2 Ra4 26. Rc3 Ra1+ 27.
Kh2 Rxa5 28. Rbxb3 Rxb3 29. Rxb3 Rb5 30. Re3 Re5 31. Rb3 Rd5 32. Bg3 Rb5 33.
Re3 c5 34. Re7 Rb7 35. Bf2 c4 36. Bd4 a5 37. g4 Kf8 38. g5 Bc6 39. gxf6 gxf6
40. Rc7 Rxc7 41. dxc7 Bb7 42. Bxf6 Kf7 43. Bc3 a4 44. Kg3 Ke6 45. Kf4 a3 46.
Kg5 Kd7 47. f4 Kxc7 48. f5 Kd7 49. Kh6 Be4 50. f6 Ke6 51. Kg7 Bg6 52. Ba1 a2
53. h5 Bxh5 54. Kh6 Be8 55. Kg5 Kd5 56. Kf4 h5 57. Bb2 h4 58. Ba1 Bf7 59. Bb2
h3 60. Kg3 Ke4 0-1